[Event "Pan American-ch U18 Girls"]
[Site "San Jose"]
[Date "2017.07.01"]
[Round "1"]
[White "Acevedo Mendez, Jennifer"]
[Black "Cervantes Landeiro, Thalia"]
[Result "1/2-1/2"]
[WhiteElo "1765"]
[BlackElo "2032"]
[PlyCount "176"]
[EventDate "2017.07.01"]
[EventType "swiss"]
[EventRounds "9"]
[EventCountry "CRI"]
[SourceTitle "EXT 2022"]
[Source "ChessBase"]
[SourceDate "2021.10.06"]
[SourceVersion "1"]
[SourceVersionDate "2021.10.06"]
[SourceQuality "1"]

1. e4 c5 2. Nf3 d6 3. c3 Nf6 4. Bd3 e6 5. Bc2 Be7 6. 0-0 0-0 7. d4 cxd4 8. cxd4 a6 9. Nc3 Nc6 10. a3 Qc7 11. Be3 b5 12. Rc1 e5 13. Nd5 Qb7 14. Nxe7+ Qxe7 15. d5 Na5 16. Bd3 Bd7 17. Bb6 Nc4 18. Bxc4 bxc4 19. Qc2 Rfc8 20. Rfe1 Qe8 21. Ba5 Ba4 22. Qd2 Qb5 23. Bc3 Nd7 24. Nh4 Nc5 25. Nf5 Qd7 26. Rb1 f6 27. Ng3 Nd3 28. Re3 Nf4 29. Nf5 g6 30. Rg3 Kh8 31. Ne3 Bb3 32. Rf3 Rf8 33. Nf1 Qg4 34. Ne3 Qh5 35. Nf1 Rad8 36. Ba5 Rc8 37. Bb4 Rcd8 38. Ba5 Rd7 39. Bb4 Nd3 40. Rxd3 cxd3 41. Qxd3 Ba4 42. Qxa6 Bc2 43. Re1 Bd3 44. Bxd6 Rff7 45. Qc8+ Kg7 46. Bf8+ Rxf8 47. Qxd7+ Rf7 48. Qc8 Bb5 49. Qc1 Bd7 50. Ng3 Qg4 51. b4 Ba4 52. Qc5 Qf4 53. Re3 Qg4 54. f3 Qg5 55. Kf2 Qh4 56. h3 f5 57. exf5 gxf5 58. d6 f4 59. Qxe5+ Kg8 60. Rc3 fxg3+ 61. Kg1 Bd7 62. Rd3 Rf5 63. Qc3 Qf4 64. Rd4 Qe5 65. Rg4+ Kf7 66. Qc4+ Kf6 67. Qd4 Qxd4+ 68. Rxd4 Re5 69. Rd1 Ba4 70. Rc1 Rd5 71. Kf1 Rxd6 72. Ke2 Bb5+ 73. Ke3 Rd3+ 74. Kf4 Rxa3 75. Kxg3 Rb3 76. Rc7 h6 77. Rb7 Rxb4 78. Rb6+ Kg7 79. Rb7+ Kg6 80. Rb6+ Kg5 81. Rb8 h5 82. h4+ Kf5 83. Rh8 Kg6 84. Rg8+ Kh7 85. Rb8 Rb3 86. Kf4 Kh6 87. Rb6+ Kg7 88. Kg5 Rb2 1/2-1/2

[Event "CRC-ch qual (Women)"]
[Site "San Jose"]
[Date "2016.03.19"]
[Round "4.5"]
[White "Marin Leon, Valeria"]
[Black "Acevedo Mendez, Jennifer"]
[Result "0-1"]
[WhiteElo "1496"]
[BlackElo "1742"]
[PlyCount "122"]
[EventDate "2016.03.05"]
[EventType "swiss"]
[EventRounds "7"]
[EventCountry "CRI"]
[SourceTitle "EXT 2024"]
[Source "ChessBase"]
[SourceDate "2023.10.10"]
[SourceVersion "1"]
[SourceVersionDate "2023.10.10"]
[SourceQuality "1"]

1. e4 e5 2. Nf3 f5 3. d3 d6 4. Nc3 Be7 5. Be2 Nf6 6. 0-0 0-0 7. Ne1 f4 8. d4 Nc6 9. d5 Nb8 10. Nf3 a6 11. a4 Qe8 12. Qd3 Nfd7 13. Re1 Nc5 14. Qd2 Qg6 15. Bf1 Bg4 16. Qd1 c6 17. b4 Ncd7 18. Kh1 Nf6 19. h3 Qh5 20. Be2 cxd5 21. exd5 e4 22. Nh2 Bxe2 23. Qxe2 f3 24. gxf3 Qxh3 25. Nxe4 Nxe4 26. fxe4 Bf6 27. Ra3 Qh4 28. f4 Be5 29. Rf1 Bxf4 30. Bxf4 Rxf4 31. Rxf4 Qxf4 32. Rf3 Qc1+ 33. Kg2 Nd7 34. Qf2 Qg5+ 35. Rg3 Qe5 36. Qe2 Nf6 37. Ng4 Qxe4+ 38. Qxe4 Nxe4 39. Re3 Re8 40. Nf2 Nf6 41. Rd3 Rc8 42. c3 Kf7 43. Kf3 a5 44. Nd1 axb4 45. cxb4 Rc4 46. Nc3 Rxb4 47. Nb5 Ke7 48. Nc3 Rb3 49. Ke3 Ng4+ 50. Kf4 Nf6 51. Ke3 g5 52. Kd2 Rb4 53. Re3+ Kf7 54. Ke2 Rb2+ 55. Kd3 Rb4 56. Kc2 Rd4 57. Rf3 Kg6 58. Rd3 Rxd3 59. Kxd3 Kf5 60. Kd4 g4 61. Ne2 h5 0-1

[Event "CRI-ch (Women)"]
[Site "San Jose"]
[Date "2015.09.03"]
[Round "8"]
[White "Bogantes Robleto, Karina"]
[Black "Acevedo Mendez, Jennifer"]
[Result "1/2-1/2"]
[WhiteElo "1661"]
[BlackElo "1758"]
[PlyCount "86"]
[EventDate "2015.08.26"]
[EventType "tourn"]
[EventRounds "9"]
[EventCountry "CRI"]
[SourceTitle "EXT 2016"]
[Source "ChessBase"]
[SourceDate "2015.10.08"]
[SourceVersion "1"]
[SourceVersionDate "2015.10.08"]
[SourceQuality "1"]

1. e4 e5 2. Nf3 Nc6 3. Bb5 d6 4. d4 exd4 5. Nxd4 Bd7 6. Nc3 Nf6 7. Bg5 Be7 8. Nf3 0-0 9. 0-0 a6 10. Ba4 b5 11. Bb3 Bg4 12. Bxf6 Bxf6 13. Bd5 Ne5 14. Bxa8 Nxf3+ 15. gxf3 Bh3 16. Kh1 Bxf1 17. Qxf1 Qxa8 18. Qd3 Qc6 19. Rg1 Bxc3 20. bxc3 Qc5 21. Qd4 Qe5 22. f4 Qxd4 23. cxd4 f6 24. Re1 g6 25. Kg2 Re8 26. Kg3 Kf7 27. h4 Re6 28. d5 Re8 29. Re3 Ke7 30. Ra3 Ra8 31. Rc3 Ra7 32. a3 Kd7 33. h5 Ra8 34. hxg6 hxg6 35. Kg2 Rh8 36. Rg3 Rh6 37. Kf3 c5 38. dxc6+ Kxc6 39. Ke2 Kd7 40. Kd3 Ke6 41. Kd4 Rh2 42. Ke3 Rh6 43. Kd4 Rh2 1/2-1/2

[Event "CRI-ch (Women)"]
[Site "San Jose"]
[Date "2015.08.29"]
[Round "3"]
[White "Acevedo Mendez, Jennifer"]
[Black "Morera Campos, Yanori Maria"]
[Result "0-1"]
[WhiteElo "1758"]
[BlackElo "1801"]
[PlyCount "86"]
[EventDate "2015.08.26"]
[EventType "tourn"]
[EventRounds "9"]
[EventCountry "CRI"]
[SourceTitle "EXT 2016"]
[Source "ChessBase"]
[SourceDate "2015.10.08"]
[SourceVersion "1"]
[SourceVersionDate "2015.10.08"]
[SourceQuality "1"]

1. e4 d5 2. exd5 Qxd5 3. Nc3 Qa5 4. d4 Nf6 5. Nf3 Bg4 6. Bb5+ c6 7. Be2 Nbd7 8. 0-0 e6 9. h3 Bh5 10. Re1 Be7 11. Bf4 0-0 12. a3 Bg6 13. Bd3 Nd5 14. Nxd5 cxd5 15. Bxg6 hxg6 16. Ne5 Nf6 17. c3 Qb6 18. Rb1 Rad8 19. g4 Nd7 20. Nf3 Bd6 21. Qd2 Qc7 22. Bxd6 Qxd6 23. Qg5 Nf6 24. Nd2 a5 25. Qe3 b5 26. Nb3 Ra8 27. Nc5 Nd7 28. Nxd7 Qxd7 29. Qd2 Rfb8 30. Ra1 Rb6 31. b4 Rba6 32. Qb2 Qc7 33. Rab1 axb4 34. axb4 Ra2 35. Qc1 R8a3 36. Re3 Qc4 37. Kg2 Qc6 38. Rf3 Qc7 39. Rb2 Ra1 40. Qg5 Re1 41. Rd3 Raa1 42. Kf3 Rh1 43. h4 Rae1 0-1

[Event "CRI-ch (Women)"]
[Site "San Jose"]
[Date "2015.08.27"]
[Round "2"]
[White "Nunez Gonzalez, Neeshmy"]
[Black "Acevedo Mendez, Jennifer"]
[Result "1-0"]
[WhiteElo "1804"]
[BlackElo "1758"]
[PlyCount "75"]
[EventDate "2015.08.26"]
[EventType "tourn"]
[EventRounds "9"]
[EventCountry "CRI"]
[SourceTitle "EXT 2016"]
[Source "ChessBase"]
[SourceDate "2015.10.08"]
[SourceVersion "1"]
[SourceVersionDate "2015.10.08"]
[SourceQuality "1"]

1. d4 d5 2. c4 e6 3. Nc3 Nf6 4. Nf3 Be7 5. e3 0-0 6. Be2 dxc4 7. Bxc4 Nbd7 8. 0-0 Nb6 9. Bb3 c6 10. Re1 Qc7 11. Bd2 Nbd5 12. Rc1 a6 13. e4 Nxc3 14. bxc3 c5 15. Qe2 Rd8 16. d5 exd5 17. exd5 Bd6 18. Bg5 Re8 19. Qd3 Rxe1+ 20. Rxe1 Bg4 21. Bxf6 gxf6 22. Bc2 f5 23. h3 c4 24. Qe3 Bxf3 25. Qxf3 Bh2+ 26. Kh1 Be5 27. Qxf5 Bxc3 28. Qxh7+ Kf8 29. Re4 Rd8 30. Qf5 b5 31. Rg4 Qc5 32. Be4 Bd4 33. Qh5 Bxf2 34. Qh8+ Ke7 35. Qe5+ Kf8 36. Bh7 f5 37. Rg8+ Kf7 38. Qe6# 1-0